000 00248nam a2200109Ia 4500
008 191206s9999 xx 000 0 und d
020 _a553211757
090 _aPG3326P73
245 0 _aCrime and Punishment
260 _aBantam Books
260 _cc1958
999 _c15752
_d15752